| 000 | 00000nam##2200000za#4500 |
| 001 | 9.601332 |
| 003 | CaOODSP |
| 005 | 20210624210025 |
| 007 | cr ||||||||||| |
| 008 | 150406|2006||||xxc|||||o f|0| 0 fre|d |
| 022 | |a1919-5117 |
| 040 | |aCaOODSP|bfre |
| 043 | |an-cn--- |
| 086 | 1 |aFs70-6/2006-025F-PDF |
| 110 | 1 |aCanada. |bMinistère des pêches et des océans. |
| 245 | 10|aEffets des engins de chalutage et des dragues à pétoncles sur les habitats, les populations et les communautés benthiques |h[ressource électronique] |
| 246 | 17|aRégion de la capitale nationale : effets des engins mobiles sur les fonds marins et le benthos |
| 260 | |aOttawa - Ontario : |bPêches et Océans Canada |cJuin 2006. |
| 300 | |a16p.|bcarte en couleur, références |
| 490 | 1 |aSecrétariat canadien de consultation scientifique, avis scientifique |x1919-5117|v2006/025, Région de la capitale nationale |
| 590 | |a11-15-Supp|b2011-08-22 |
| 775 | 08|tImpacts of trawl gears and scallop dredges on benthic habitats, populations and communities |w(CaOODSP)9.570684 |
| 830 | #0|aAvis scientifique (Secrétariat canadien de consultation scientifique)|x1919-5117|v2006/025, Région de la capitale nationale|w(CaOODSP)9.502624 |
| 856 | 40|ahttp://publications.gc.ca|qPDF|s130 Ko|uhttps://publications.gc.ca/collections/collection_2011/mpo-dfo/Fs70-6-2006-025-fra.pdf|y2006/025, Région de la capitale nationale |